قر آن منظوم (جلد اول (Record no. 7324)

MARC details
000 -LEADER
fixed length control field 01895nam a22003377a 4500
005 - DATE AND TIME OF LATEST TRANSACTION
control field 20081106152229.0
008 - FIXED-LENGTH DATA ELEMENTS--GENERAL INFORMATION
fixed length control field 081106t xxu||||| |||| 00| 0 ur d
010 ## - LCCN (DPL NO)
LC control number UR-7443-7447
020 ## - INTERNATIONAL STANDARD BOOK NUMBER
Terms of availability 150.00 ( v.1)
020 ## - INTERNATIONAL STANDARD BOOK NUMBER
Terms of availability 150.00 (v.2)
020 ## - INTERNATIONAL STANDARD BOOK NUMBER
Terms of availability 150.00 (v.3)
020 ## - INTERNATIONAL STANDARD BOOK NUMBER
Terms of availability 150.00 (v.4)
020 ## - INTERNATIONAL STANDARD BOOK NUMBER
Terms of availability 200.00 (v.5)
035 ## - SYSTEM CONTROL NUMBER
System control number U-5998-6002
037 ## - SOURCE OF ACQUISITION
Source of stock number/acquisition D.B.Act / Pub
082 ## - DEWEY DECIMAL CLASSIFICATION NUMBER
Classification number 270.2
245 ## - TITLE STATEMENT
Title قر آن منظوم (جلد اول
Statement of responsibility, etc مترجم:مجمد سميع اللہ اسد
246 ## - VARYING FORM OF TITLE
Title proper/short title Quran-e- Manzoom
Remainder of title edited by Mohd . Samiullah Asad
260 ## - PUBLICATION, DISTRIBUTION, ETC. (IMPRINT)
Place of publication, distribution, etc کلکتہ
Name of publisher, distributor, etc عر فان پبلی کيشنز
Date of publication, distribution, etc 2003
270 ## - ADDRESS
Address BB-27,Salt lake City ,
City کلکتہ
Postal code 64
Telephone number 23345298
Electronic mail address profasad@hotmail.com
300 ## - PHYSICAL DESCRIPTION
Extent 5 v (200p.; 200p.;219p.; 240p.; 304p.)
Dimensions 22cm (Hb)
650 ## - SUBJECT ADDED ENTRY--TOPICAL TERM
Topical term or geographic name as entry element Farhang andTafseer
650 ## - SUBJECT ADDED ENTRY--TOPICAL TERM
Topical term or geographic name as entry element فر ہنگ و تفسير
700 ## - ADDED ENTRY--PERSONAL NAME
Personal name مترجم: مجمد سميع اللہ اسد
942 ## - ADDED ENTRY ELEMENTS (KOHA)
Institution code [OBSOLETE] dpl
Item type Urdu Bks
Source of classification or shelving scheme Dewey Decimal Classification
Classification part 270.2
Call number suffix ق ر آ
Holdings
Withdrawn status Lost status Source of classification or shelving scheme Materials specified (bound volume or other part) Damaged status Not for loan Collection code Home library Current library Date acquired Cost, normal purchase price Total Checkouts Total Renewals Full call number Barcode Date last seen Copy number Cost, replacement price Koha item type
    Dewey Decimal Classification v.1   Not For Loan Non-fiction D.B.Act.Division D.B.Act.Division 06/11/2008 150.00     270.2 ق ر آ U-5998 15/09/2008 1 150.00 Urdu Bks
    Dewey Decimal Classification v.2   Not For Loan Non-fiction D.B.Act.Division D.B.Act.Division 06/11/2008 150.00     270.2 ق ر آ U-5999 15/09/2008 1 150.00 Urdu Bks
    Dewey Decimal Classification v.3   Not For Loan Non-fiction D.B.Act.Division D.B.Act.Division 06/11/2008 150.00     270.2 ق ر آ U-6000 15/09/2008 1 150.00 Urdu Bks
    Dewey Decimal Classification v.4   Not For Loan Non-fiction D.B.Act.Division D.B.Act.Division 06/11/2008 150.00     270.2 ق ر آ U-6001 15/09/2008 1 150.00 Urdu Bks
    Dewey Decimal Classification v.5   Not For Loan Non-fiction D.B.Act.Division D.B.Act.Division 06/11/2008 200.00     270.2 ق ر آ U-6002 15/09/2008 1 200.00 Urdu Bks

© Delhi Public Library
Hit Counter
free hit counter